Statistics for CSGO Quiz

Click here to take the quiz!

General Stats

  • This quiz has been taken 308 times
  • The average score is 7 of 15

Answer Stats

QuestionAnswer% Correct
-. What is the SSG08 mostly called?Scout
83%
O. Where can you download CS:GO?Steam
81%
O. What does CS:GO stands for?Counter Strike Global Offensive
79%
-. What is the 3 common rifels to use as a CT and/or T?AK-47, M4A1-S and M4A4
71%
O. What is the most expensive AWP skin in CS:GO? (Without Souvenir)AWP | Dragon Lore
71%
O. Witch year did CS:GO released?2012
67%
+. Witch Pro Team has won a major 4 times? (3 of the majors was in a row)Astralis
54%
+. What is right now the active duty maps?Inferno, Mirage, Nuke, Overpass, Dust2, Vertigo and Ancient
40%
+. Name the most famous AWP players in Europe. (Not based of HLTV but what people i have asked about it)S1mpel, Dev1ce, KennyS and JW
40%
-. What is the fail in the official trailer to CS:GO?The bomb timer is wrong (ist 45 in the trailer and 40 in the game)
29%
-. How many pistols are there. (Trick question)10
26%
Why did you choose this quiz? (all the answers is correct)Because i like to play CS:GO and i wanna lern more about the game.
21%
Did you like the quiz?Yes and i want a number 2
21%
-. What map has resend became updated to something people don't like?Office
17%
O. How many CS:GO maps are there? (with all gamemodes except Danger Zone)32
7%

Score Distribution

Percentile by Number Answered

Percent of People with Each Score

Your Score History

You have not taken this quiz